Archivnictví /

Main Author: Štouračová, Jiřina, 1957-
Corporate Author: Masarykova univerzita
Language: Czech
Published: Brno : Masarykova univerzita, 2013
Edition: 1. vyd.
Subjects:
Online Access: Online verze
Physical Description: 192 s. ; 24 cm
Book
Saved in:
LEADER 01683cam a2200421 a 4500
001 nkc20142537459
003 CZ PrNK
005 20190515185527.0
007 ta
008 131216s2013 xr e p 000 0 cze d
015 |a cnb002537459 
020 |a 978-80-210-6511-6  |q (brož.) 
035 |a (OCoLC)872340357 
040 |a PNA001  |b cze  |d OLA001  |d ABA001 
072 7 |a 930  |x Historická věda. Pomocné vědy historické. Archivnictví  |2 Konspekt  |9 8 
072 7 |a 37.016  |x Učební osnovy. Vyučovací předměty. Učebnice  |2 Konspekt  |9 22 
080 |a 930.25  |2 MRF 
080 |a (075.8)  |2 MRF 
100 1 |a Štouračová, Jiřina,  |d 1957-  |7 mub2011617919  |4 aut 
245 1 0 |a Archivnictví /  |c Jiřina Štouračová 
250 |a 1. vyd. 
260 |a Brno :  |b Masarykova univerzita,  |c 2013 
300 |a 192 s. ;  |c 24 cm 
500 |a 550 výt. 
504 |a Obsahuje bibliografie a bibliografické odkazy 
650 0 7 |a archivnictví  |7 ph118588  |2 czenas 
650 0 9 |a keeping archives  |2 eczenas 
655 7 |a učebnice vysokých škol  |7 fd133772  |2 czenas 
655 9 |a textbooks (higher)  |2 eczenas 
710 2 |a Masarykova univerzita  |7 kn20010709056 
856 4 1 |3 Online verze  |u https://digilib.phil.muni.cz/handle/11222.digilib/128576  |4 N 
910 2 |a BOA001  |b 2-1319.001 
990 |a BK 
995 |a 01 
991 |b 201402  |c NOV  |j 930 ŠTO  |e n 
996 6 |b 2610577431  |c 2-1319.001  |l MZK  |r Sklad / do 1 hodiny  |n 2  |p p.v.  |w 001394771  |u 000010  |a 1  |e BOA001  |j MZK50  |s P 
996 7 |b 2610577432  |c 2-1319.001  |l Vol.výběr  |r VV 1p  |n 28  |p p.v.  |h 930 ŠTO  |w 001394771  |u 000020  |a 0  |e BOA001  |j MZK50  |s A 
996 7 |b 2610580020  |c 2-1319.001  |l Vol.výběr  |r VV 1p  |n 28  |p kup  |h 930 ŠTO  |w 001394771  |u 000030  |a 0  |e BOA001  |j MZK50  |s A